000 00472nam a2200157Ia 4500
008 240729s9999 xx 000 0 und d
022 _a2360-994X
245 0 _aInformation Impact
260 _aNigeria
260 _bInformation Practioners Network
650 _a Information resources (General)
650 _aBibliography. Library science. Information resources
856 _uhttps://doaj.org/toc/c8ae4aa480a64fbabb0fc6c9841577da
942 _2ddc
942 _cDOAJEJ
999 _c68883
_d68883
945 _a1
_bMadushi Gamage
_c1
_dMadushi Gamage